Tilastot visalle Senegal-visa

Klikkaa tästä pelataksesi tätä visaa!

Yleistilastot

  • Tätä visaa on pelattu 145 kertaa
  • Keskiarvotulos 11 / 17

Vastaustilastot

VihjeVastaus% Oikein
NaapurimaatGuinea
96%
NaapurimaatMali
96%
NaapurimaatGambia
92%
NaapurimaatMauritania
92%
Virallinen kieliRanska
92%
NaapurimaatGuinea-Bissau
90%
PääkaupunkiDakar
87%
KansalliseläinLeijona
61%
Liverpoolissa pelannut senegalilainen jalkapalloilija, joka voitti Valioliigan maalikuninkuuden kaudella 2018-2019Sadio Mané
53%
Pisin jokiSenegaljoki
53%
Suurin etninen ryhmäWolofit
42%
Kasvi, jonka viljely vie puolet maan viljelyalastaMaapähkinä
37%
Senegalin siirtomaa-aikainen pääkaupunkiSaint-Louis
36%
Senegalissa kehittynyt musiikkilaji, jonka Youssou N’Dour on tehnyt tunnetuksi maailmallaMbalax
35%
Pääkaupungin edustalla oleva saari, jolta kuljetettiin huomattava määrä orjia AmerikkaanGorée
34%
Senegalin ensimmäinen presidenttiLeopold Sedar Senghor
34%
Toiseksi väkirikkain kaupunkiTouba
33%

Tulosjakauma

Persentiili vastausten määrän mukaan

Jokaisen tuloksen saaneiden osuus

Tuloshistoriasi

Et ole pelannut tätä visaa